Top 25 Most Populated Countries in Europe and Africa - Statistics

General Stats
  • This quiz has been taken 34 times
  • The average score is 22 of 25
Answer Stats
Rank Answer Population % Correct
34th Algeria 45 Million
97%
15th DR Congo 99 Million
97%
25th Italy 59 Million
97%
6th Nigeria 218 Million
97%
9th Russia 144 Million
97%
31st Spain 47 Million
97%
21st United Kingdom 67 Million
97%
14th Egypt 110 Million
94%
12th Ethiopia 123 Million
94%
23rd France 64 Million
94%
41st Morocco 37 Million
94%
22nd Tanzania 65 Million
94%
39th Ukraine 39 Million
94%
19th Germany 83 Million
90%
28th Kenya 54 Million
87%
51st Madagascar 29 Million
87%
49th Mozambique 32 Million
87%
24th South Africa 59 Million
87%
33rd Sudan 46 Million
87%
32nd Uganda 47 Million
87%
38th Poland 39 Million
84%
43rd Angola 35 Million
81%
54th Cameroon 27 Million
81%
48th Ghana 33 Million
74%
53rd Ivory Coast 28 Million
74%
No matching quizzes found
Score Distribution
Percent of People with Each Score
Percentile by Number Answered
Your Score History
You have not taken this quiz